000 00313nam a22001337a 4500
020 _a0-947795-91-X
082 _a823
_bMIL/M
100 _aMILLAR, MARTIN
245 _aMILK, SULPHATE AND ALBY STARVATION
260 _aLONDON
_bFOURTH ESTATE
_c1990
300 _a152
650 _aNOVEL
_zUNITED KINGDOM
942 _cBK
999 _c3522
_d3522